Councils fight for their right (Record no. 81696)
[ view plain ]
| 000 -LEADER | |
|---|---|
| fixed length control field | 01130cab a22001935a 4500 |
| 001 - CONTROL NUMBER | |
| control field | L147992 |
| 008 - FIXED-LENGTH DATA ELEMENTS--GENERAL INFORMATION | |
| fixed length control field | 090710e20090703xxkd f 000 0 eng d |
| 035 ## - SYSTEM CONTROL NUMBER | |
| System control number | (Sirsi) u147992 |
| 041 0# - LANGUAGE CODE | |
| Language code of text/sound track or separate title | eng |
| 100 1# - MAIN ENTRY--PERSONAL NAME | |
| Personal name | Morrison, Doug |
| 245 00 - TITLE STATEMENT | |
| Title | Councils fight for their right |
| 260 ## - PUBLICATION, DISTRIBUTION, ETC. | |
| Date of publication, distribution, etc. | 2009 |
| 490 #0 - SERIES STATEMENT | |
| Series statement | Property Week |
| Volume/sequential designation | 75(27) 3 July 2009, 36-37(2) |
| 520 ## - SUMMARY, ETC. | |
| Summary, etc. | Examines the Local Government Association's proposals recent proposal that more than 300 000 homes could be built over the next decade through root and branch reform of the housing finance system, placing local authorities back in the centre of large-scale residential development after years marginalised by Thatcher's right to buy policy. Concludes that the issue of town hall empowerment in social housing won't be going away but action is unlikely before the next general election. Graph covers local authority housebuilding 1949-2007 and a chart shows the distribution of local authority housing service income. |
| 590 ## - LOCAL NOTE (RLIN) | |
| Local note | KA |
| 651 #4 - SUBJECT ADDED ENTRY--GEOGRAPHIC NAME | |
| Geographic name | England |
| Chronological subdivision | 886- |
| 690 ## - LOCAL SUBJECT ADDED ENTRY--TOPICAL TERM (OCLC, RLIN) | |
| Topical term or geographic name as entry element | PROPERTY-RESIDENTIAL PROPERTY-RESIDENTIAL PROPERTY FINANCE AND INVESTMENT |
| 942 ## - ADDED ENTRY ELEMENTS (KOHA) | |
| Suppress in OPAC | 0 |
| Withdrawn status | Lost status | Source of classification or shelving scheme | Damaged status | Not for loan | Home library | Current library | Shelving location | Date acquired | Total Checkouts | Full call number | Barcode | Date last seen | Copy number | Price effective from | Koha item type |
|---|---|---|---|---|---|---|---|---|---|---|---|---|---|---|---|
| Dewey Decimal Classification | London | London | Journal article | 10/07/2009 | L147992 | 147992-1001 | 06/08/2019 | 1 | 06/08/2019 | Journal article |